Cities that share the same latitude #1 - Statistics

General Stats
  • This quiz has been taken 15 times
  • The average score is 6 of 12
Answer Stats
Hint Answer % Correct
45.5 N Milan
91%
41.9 N Rome
82%
39.9 N Philadelphia
73%
40.4 N Madrid
64%
40.7 N New York
64%
40.4 N Pittsburgh
45%
35.6 N Tokyo
45%
41.9 N Chicago
36%
45.5 N Montreal
36%
35.6 N Tehran
36%
39.9 N Columbus
9%
40.7 N Salt Lake City
9%
No matching quizzes found
Score Distribution
Percent of People with Each Score
Percentile by Number Answered
Your Score History
You have not taken this quiz